000
00258nam a2200121Ia 4500
008
230125s9999 xx 000 0 und d
082
_b
MAJL
100
_a
Majboor, Arjan Dev
245
2
_a
A life recalled
260
_b
2012
_c
2012
300
_a
300
942
_c
BK
999
_c
267
_d
267